| Tag |
First Indicator |
Second Indicator |
Subfields |
| LEADER |
00000nam a2200000 4500 |
| 001 |
in00004288113 |
| 005 |
20200813080853.0 |
| 006 |
m g d |
| 007 |
cr bn |||a|bb| |
| 008 |
940405s1655 enk o 00| | eng d |
| 035 |
|
|
|a (UnM)99866473
|
| 037 |
|
|
|a CL0051000004
|b ProQuest Information and Learning. 300 N. Zeeb Rd., Ann Arbor, MI 48106
|
| 040 |
|
|
|a Cu-RivES
|c Cu-RivES
|d CStRLIN
|e dcrb
|d WaOLN
|
| 100 |
1 |
|
|a Howe, Obadiah,
|d 1615 or 16-1683.
|
| 245 |
1 |
4 |
|a The pagan preacher silenced. Or, an answer to a treatise of Mr. John Goodwin, entituled, the pagans debt & dowry. :
|b Wherein is discovered the weaknesse of his arguments, and that it doth not yet appear by scripture, reason, or the testimony of the best of his own side, that the heathen who never heard of the letter of the Gospel, are either obliged to, or enabled for the believing in Christ; and that they are either engaged to matrimonial debt, or admitted to a matrimonial dowry. Wherein also is historically discovered, and polemically discussed the doctrin of Universal grace, with the original, growth and fall thereof; as it hath been held forth by the most rigid patrons of it. /
|c By Obadiah Howe, A.M. and pastor of Horne-Castle in Lincolnshire. With a verdict on the case depending between Mr. Goodwin and Mr. Howe, by the learned George Kendal, DD.
|
| 246 |
2 |
|
|a Pagan preacher silenced
|
| 246 |
2 |
|
|a Answer to a treatise of Mr. John Goodwin, entituled, the Pagans debt & dowry
|
| 260 |
|
|
|a London, :
|b Printed by Th. Maxey, for John Rothwell, at the Fountian and Bear in Cheap-side.,
|c 1655.
|
| 300 |
|
|
|a 1 online resource ([8], 11, [1], 120 pages)
|
| 336 |
|
|
|a text
|b txt
|2 rdacontent
|
| 337 |
|
|
|a computer
|b c
|2 rdamedia
|
| 338 |
|
|
|a online resource
|b cr
|2 rdacarrier
|
| 500 |
|
|
|a A reply to: Goodwin, John. The pagans debt and dowry.
|
| 500 |
|
|
|a The first numbered sequence of 11 pages contains: A verdict in the case depending between master J. Goodwin, and master Howe, concerning the Heavens preaching the Gospel; maintained by master Goodwin in his Pagans debt and dowry, as well as his Redemption redeemed. By George Kendall, D.D.
|
| 500 |
|
|
|a Annotation on Thomason copy: "Aug. 16".
|
| 500 |
|
|
|a Reproduction of the original in the British Library.
|
| 510 |
4 |
|
|a Wing (2nd edition)
|c H3051.
|
| 510 |
4 |
|
|a Thomason
|c E.851[16].
|
| 533 |
|
|
|a Electronic reproduction.
|b Ann Arbor, Mich. :
|c UMI,
|d 1999-
|f (Early English books online)
|n Digital version of: (Thomason Tracts ; 129:E851[16])
|7 s1999 miun s
|
| 600 |
1 |
0 |
|a Goodwin, John,
|d 1594?-1665.
|t Pagans debt and dowry.
|
| 650 |
|
0 |
|a Conversion
|v Early works to 1800.
|
| 650 |
|
0 |
|a Christianity and other religions
|v Early works to 1800.
|
| 700 |
1 |
|
|a Kendall, George,
|d 1610-1663.
|
| 830 |
|
0 |
|a Early English books online.
|
| 856 |
4 |
0 |
|u http://proxy.library.tamu.edu/login?url=https://search.proquest.com/docview/2240968089
|z Connect to the full text of this electronic book
|t 0
|
| 999 |
f |
f |
|s cf56d0c3-db3e-3cf1-a660-e4b439845ea6
|i b970e5ef-2771-323a-bc26-5027c5615d4b
|t 0
|
| 952 |
f |
f |
|a Texas A&M University
|b College Station
|c Electronic Resources
|d Available Online
|t 0
|h No information provided
|
| 998 |
f |
f |
|t 0
|l Available Online
|